[Event "Bundesliga 9798"]
[Site "Deutschland"]
[Date "1998.??.??"]
[Round "?.5"]
[White "Hoffmann, Michael"]
[Black "Werner, Dimo"]
[Result "1/2-1/2"]
[WhiteElo "2440"]
[BlackElo "2420"]
[PlyCount "37"]
[EventDate "1997.10.??"]
[EventType "team"]
[EventRounds "15"]
[EventCountry "GER"]
[SourceTitle "Bundesliga 9798"]
[Source "DeepChess"]
[SourceDate "2005.01.01"]
[SourceVersion "1"]
[SourceVersionDate "2005.01.01"]
[SourceQuality "1"]
[WhiteTeam "SV Castrop Rauxel 1923"]
[BlackTeam "SC Anderssen St.Ingbert 1920 e.V."]
[WhiteTeamCountry "GER"]
[BlackTeamCountry "GER"]

1. e4 Nf6 2. e5 Nd5 3. d4 d6 4. Nf3 c6 5. c4 Nc7 6. exd6 exd6 7. h3 Be7 8. Nc3
O-O 9. Bd3 d5 10. O-O dxc4 11. Bxc4 Nd7 12. Bf4 Nb6 13. Bb3 Ncd5 14. Be5 Be6
15. Ne4 Nd7 16. Bh2 Bf5 17. Nd6 Bxd6 18. Bxd6 Re8 19. Bxd5 1/2-1/2

[Event "Bundesliga 9798"]
[Site "Deutschland"]
[Date "1998.??.??"]
[Round "?.7"]
[White "Dinstuhl, Volkmar"]
[Black "Kummerow, Heiko"]
[Result "1/2-1/2"]
[WhiteElo "2410"]
[BlackElo "2300"]
[PlyCount "50"]
[EventDate "1997.10.??"]
[EventType "team"]
[EventRounds "15"]
[EventCountry "GER"]
[SourceTitle "Bundesliga 9798"]
[Source "DeepChess"]
[SourceDate "2005.01.01"]
[SourceVersion "1"]
[SourceVersionDate "2005.01.01"]
[SourceQuality "1"]
[WhiteTeam "SV Castrop Rauxel 1923"]
[BlackTeam "SC Anderssen St.Ingbert 1920 e.V."]
[WhiteTeamCountry "GER"]
[BlackTeamCountry "GER"]

1. d4 Nf6 2. c4 g6 3. Nc3 Bg7 4. e4 d6 5. Bd3 Nbd7 6. Nge2 c5 7. O-O O-O 8. Bc2
a6 9. d5 b5 10. cxb5 axb5 11. Nxb5 Ba6 12. Nec3 Ne8 13. Bd3 Nc7 14. a4 c4 15.
Nxc7 Qxc7 16. Be2 Rfb8 17. Ra3 Nc5 18. Re1 Rb3 19. Rxb3 Nxb3 20. Bg5 Rb8 21.
Bf1 Rb7 22. Qc2 Nd4 23. Qd2 Nb3 24. Qc2 Nd4 25. Qd2 Nb3 1/2-1/2

[Event "Bundesliga 9798"]
[Site "Deutschland"]
[Date "1997.12.06"]
[Round "?.1"]
[White "Epishin, Vladimir"]
[Black "Dautov, Rustem"]
[Result "1/2-1/2"]
[WhiteElo "2570"]
[BlackElo "2595"]
[PlyCount "99"]
[EventDate "1997.10.??"]
[EventType "team"]
[EventRounds "15"]
[EventCountry "GER"]
[SourceTitle "Bundesliga 9798"]
[Source "DeepChess"]
[SourceDate "2005.01.01"]
[SourceVersion "1"]
[SourceVersionDate "2005.01.01"]
[SourceQuality "1"]
[WhiteTeam "SV Empor Berlin e.V."]
[BlackTeam "SC Anderssen St.Ingbert 1920 e.V."]
[WhiteTeamCountry "GER"]
[BlackTeamCountry "GER"]

1. d4 Nf6 2. c4 e6 3. Nf3 b6 4. g3 Ba6 5. b3 Bb4+ 6. Bd2 Be7 7. Bg2 c6 8. Bc3
d5 9. Ne5 Ne4 10. O-O Nxc3 11. Nxc3 O-O 12. Qd3 Bd6 13. Rfd1 Qc7 14. Qe3 Bxe5
15. dxe5 Nd7 16. f4 Rac8 17. Rac1 Qd8 18. Qd4 Nb8 19. cxd5 cxd5 20. e4 dxe4 21.
Qxd8 Rfxd8 22. Rxd8+ Rxd8 23. Nxe4 Rc8 24. Rxc8+ Bxc8 25. Kf2 Na6 26. Bf3 Kf8
27. Bh5 g6 28. Be2 Nc7 29. Nf6 h6 30. Bc4 Bb7 31. g4 Bc6 32. h4 Ne8 33. Ke3 Kg7
34. g5 h5 35. Nxe8+ Bxe8 36. Kd4 Kf8 37. Be2 Bc6 38. b4 Ke7 39. a3 Kd7 40. Bd1
Ke7 41. a4 Kd7 42. Bc2 Ke7 43. Bb3 Bd7 44. a5 Bc6 45. Bc4 Bf3 46. Bb5 Bg2 47.
Ba4 Bf3 48. Bc2 Be2 49. Bb3 Bb5 50. Bc2 1/2-1/2

[Event "Bundesliga 9798"]
[Site "Deutschland"]
[Date "1997.??.??"]
[Round "?.2"]
[White "Bauer, Christian"]
[Black "Muse, Mladen"]
[Result "0-1"]
[WhiteElo "2525"]
[BlackElo "2460"]
[PlyCount "146"]
[EventDate "1997.10.??"]
[EventType "team"]
[EventRounds "15"]
[EventCountry "GER"]
[SourceTitle "Bundesliga 9798"]
[Source "DeepChess"]
[SourceDate "2005.01.01"]
[SourceVersion "1"]
[SourceVersionDate "2005.01.01"]
[SourceQuality "1"]
[WhiteTeam "SC Anderssen St.Ingbert 1920 e.V."]
[BlackTeam "SV Empor Berlin e.V."]
[WhiteTeamCountry "GER"]
[BlackTeamCountry "GER"]

1. e4 c5 2. Nf3 Nc6 3. Bb5 e6 4. Bxc6 bxc6 5. d3 Qc7 6. O-O Ne7 7. Ng5 f6 8.
Nh3 d5 9. f4 Ng6 10. Qh5 Qf7 11. c4 Bd6 12. Nc3 O-O 13. b3 Kh8 14. Kh1 Qc7 15.
Qf3 Qa5 16. Na4 Ba6 17. Qe2 Rfe8 18. Bd2 Qc7 19. Qf2 Qe7 20. Rae1 Qf8 21. Be3
d4 22. Bc1 Bc7 23. Ba3 Bb6 24. Qe2 Kg8 25. e5 f5 26. Qh5 Nh8 27. Rg1 g6 28. Qf3
Nf7 29. Nf2 Qe7 30. g4 Kh8 31. Qh3 Rg8 32. Rg3 Rg7 33. Reg1 Rag8 34. R3g2 Bc8
35. g5 Bd7 36. Rg3 Be8 37. Qf1 Qf8 38. Qe1 Nd8 39. Nd1 Nb7 40. Ndb2 Qe7 41. Qd2
Qf8 42. Rb1 Ba5 43. Qf2 h6 44. gxh6 Rh7 45. Rf1 Bd8 46. Qg2 Rxh6 47. Nd1 Rg7
48. Nf2 Bh4 49. Nh3 Bxg3 50. Qxg3 Rxh3 51. Qxh3+ Rh7 52. Qg3 Rh5 53. Kg2 Qe7
54. h4 Kg8 55. Kh3 g5 56. fxg5 Bg6 57. Qf4 Kf7 58. Kg3 Ke8 59. Rb1 a5 60. Re1
Rh7 61. Bc1 Qc7 62. Qf2 Qe7 63. Bf4 Rh5 64. a3 Kf8 65. Rb1 Kg8 66. Qg2 Be8 67.
Qd2 Qh7 68. Rh1 Qe7 69. Qe1 Bg6 70. Qe2 Qc7 71. Bd2 Qe7 72. Kf4 Kg7 73. Rh2 Nd8
0-1

[Event "Bundesliga 9798"]
[Site "Deutschland"]
[Date "1997.??.??"]
[Round "?.3"]
[White "Poldauf, Dirk"]
[Black "Degraeve, Jean Marc"]
[Result "0-1"]
[WhiteElo "2455"]
[BlackElo "2540"]
[PlyCount "70"]
[EventDate "1997.10.??"]
[EventType "team"]
[EventRounds "15"]
[EventCountry "GER"]
[SourceTitle "Bundesliga 9798"]
[Source "DeepChess"]
[SourceDate "2005.01.01"]
[SourceVersion "1"]
[SourceVersionDate "2005.01.01"]
[SourceQuality "1"]
[WhiteTeam "SV Empor Berlin e.V."]
[BlackTeam "SC Anderssen St.Ingbert 1920 e.V."]
[WhiteTeamCountry "GER"]
[BlackTeamCountry "GER"]

1. c4 e5 2. Nc3 Nf6 3. Nf3 Nc6 4. g3 Bb4 5. Bg2 O-O 6. O-O d6 7. Nd5 Bc5 8. d3
h6 9. Nxf6+ Qxf6 10. Nd2 Qg6 11. Ne4 Bb6 12. Nc3 f5 13. Nd5 f4 14. b4 Kh8 15.
Bb2 fxg3 16. hxg3 Bg4 17. Nxb6 axb6 18. b5 Nd8 19. Qd2 Ne6 20. Bxb7 Nf4 21. Be4
Qg5 22. Bc3 Nxe2+ 23. Kg2 Qh5 24. f3 Qh3+ 25. Kf2 Nxg3 26. Bxa8 Nxf1 27. Rxf1
Bxf3 28. Ke1 Rxa8 29. Qe3 Rf8 30. Rf2 Qh1+ 31. Rf1 Qg2 32. d4 Rf4 33. Rg1 Re4
34. Rxg2 Rxe3+ 35. Kd2 Rxc3 0-1

[Event "Bundesliga 9798"]
[Site "Deutschland"]
[Date "1997.??.??"]
[Round "?.4"]
[White "Kachiani Gersinska, Ketino"]
[Black "Volke, Karsten"]
[Result "1-0"]
[WhiteElo "2415"]
[BlackElo "2455"]
[PlyCount "133"]
[EventDate "1997.10.??"]
[EventType "team"]
[EventRounds "15"]
[EventCountry "GER"]
[SourceTitle "Bundesliga 9798"]
[Source "DeepChess"]
[SourceDate "2005.01.01"]
[SourceVersion "1"]
[SourceVersionDate "2005.01.01"]
[SourceQuality "1"]
[WhiteTeam "SC Anderssen St.Ingbert 1920 e.V."]
[BlackTeam "SV Empor Berlin e.V."]
[WhiteTeamCountry "GER"]
[BlackTeamCountry "GER"]

1. d4 Nf6 2. c4 g6 3. Nc3 Bg7 4. e4 d6 5. Be2 O-O 6. Bg5 Na6 7. h4 e5 8. d5 c6
9. h5 h6 10. Be3 cxd5 11. cxd5 Nc5 12. Qc2 Qa5 13. Bd2 Nxh5 14. Rb1 Qb6 15.
Bxh5 gxh5 16. b4 Na6 17. Be3 Qd8 18. Qd2 Qf6 19. Rxh5 Qg6 20. Rh2 h5 21. Nf3 f5
22. Nh4 Qg4 23. exf5 Bxf5 24. Nxf5 Rxf5 25. Qe2 e4 26. Qxg4 hxg4 27. Nxe4 Re5
28. f3 Rxd5 29. Rh4 gxf3 30. gxf3 Rc8 31. Bh6 Be5 32. Ke2 Rc2+ 33. Bd2 Kf8 34.
Rh5 Nc7 35. Rf5+ Ke7 36. Rh1 Kd7 37. a4 Kc6 38. b5+ Kb6 39. Rh6 a6 40. f4 Bxf4
41. Rxf4 axb5 42. a5+ Kc6 43. Rff6 b4 44. Rxd6+ Kb5 45. Rxd5+ Nxd5 46. Kd3 Ra2
47. Nd6+ Kc6 48. Ne4+ Kb5 49. Rd6 Nc7 50. Rb6+ Kxa5 51. Rxb7 Na6 52. Rh7 Kb5
53. Rh5+ Kc6 54. Rh6+ Kd5 55. Rh5+ Kc6 56. Kd4 Kd7 57. Rh7+ Ke6 58. Rh6+ Kf5
59. Rf6+ Kg4 60. Rf4+ Kh5 61. Rf5+ Kg6 62. Rf6+ Kh5 63. Ke5 Kg4 64. Rf4+ Kh3
65. Rf3+ Kg2 66. Rf2+ Kg1 67. Re2 1-0

[Event "Bundesliga 9798"]
[Site "Deutschland"]
[Date "1997.??.??"]
[Round "?.5"]
[White "Hetey, Laszlo"]
[Black "Werner, Dimo"]
[Result "1/2-1/2"]
[WhiteElo "2345"]
[BlackElo "2420"]
[PlyCount "31"]
[EventDate "1997.10.??"]
[EventType "team"]
[EventRounds "15"]
[EventCountry "GER"]
[SourceTitle "Bundesliga 9798"]
[Source "DeepChess"]
[SourceDate "2005.01.01"]
[SourceVersion "1"]
[SourceVersionDate "2005.01.01"]
[SourceQuality "1"]
[WhiteTeam "SV Empor Berlin e.V."]
[BlackTeam "SC Anderssen St.Ingbert 1920 e.V."]
[WhiteTeamCountry "GER"]
[BlackTeamCountry "GER"]

1. d4 Nf6 2. c4 g6 3. Nc3 Bg7 4. e4 O-O 5. Nf3 d6 6. Be2 Nbd7 7. Bg5 h6 8. Bh4
e5 9. d5 g5 10. Bg3 Nh5 11. h4 g4 12. Nd2 Ndf6 13. Nf1 c6 14. Qd2 cxd5 15. cxd5
Bd7 16. Bd3 1/2-1/2

[Event "Bundesliga 9798"]
[Site "Deutschland"]
[Date "1997.??.??"]
[Round "?.6"]
[White "Becker, Marc"]
[Black "Thinius, Marco"]
[Result "1/2-1/2"]
[WhiteElo "2430"]
[BlackElo "2310"]
[PlyCount "59"]
[EventDate "1997.10.??"]
[EventType "team"]
[EventRounds "15"]
[EventCountry "GER"]
[SourceTitle "Bundesliga 9798"]
[Source "DeepChess"]
[SourceDate "2005.01.01"]
[SourceVersion "1"]
[SourceVersionDate "2005.01.01"]
[SourceQuality "1"]
[WhiteTeam "SC Anderssen St.Ingbert 1920 e.V."]
[BlackTeam "SV Empor Berlin e.V."]
[WhiteTeamCountry "GER"]
[BlackTeamCountry "GER"]

1. c4 Nf6 2. g3 e5 3. Bg2 d5 4. cxd5 Nxd5 5. Nf3 Nc6 6. O-O Nb6 7. Nc3 Be7 8.
a3 O-O 9. b4 Re8 10. d3 Bf8 11. Bb2 a5 12. b5 Nd4 13. Nd2 a4 14. e3 Ne6 15. Nf3
Ng5 16. Nxg5 Qxg5 17. Qc2 Qd8 18. Rfd1 Be6 19. Bxb7 Bb3 20. Qe2 Bxd1 21. Rxd1
Rb8 22. Bc6 Re6 23. Qc2 Qe7 24. Ne4 f5 25. Nc3 Rd6 26. Bg2 Qd7 27. Bh3 Rh6 28.
Bf1 Rd6 29. Bh3 Rh6 30. Bf1 1/2-1/2

[Event "Bundesliga 9798"]
[Site "Deutschland"]
[Date "1997.??.??"]
[Round "?.7"]
[White "Richter, Michael"]
[Black "Gross, Georg"]
[Result "1-0"]
[WhiteElo "2370"]
[BlackElo "2360"]
[PlyCount "77"]
[EventDate "1997.10.??"]
[EventType "team"]
[EventRounds "15"]
[EventCountry "GER"]
[SourceTitle "Bundesliga 9798"]
[Source "DeepChess"]
[SourceDate "2005.01.01"]
[SourceVersion "1"]
[SourceVersionDate "2005.01.01"]
[SourceQuality "1"]
[WhiteTeam "SV Empor Berlin e.V."]
[BlackTeam "SC Anderssen St.Ingbert 1920 e.V."]
[WhiteTeamCountry "GER"]
[BlackTeamCountry "GER"]

1. d4 Nc6 2. Nf3 d5 3. e3 Bg4 4. Be2 e6 5. O-O Nf6 6. c4 dxc4 7. Nbd2 Be7 8.
Nxc4 O-O 9. b3 Ne4 10. Bb2 Qd5 11. Rc1 f6 12. a3 a5 13. h3 Bh5 14. Qc2 Kh8 15.
Rfd1 Rae8 16. Ne1 Bxe2 17. Qxe2 Bd8 18. f3 Ng5 19. e4 Qb5 20. Nd3 Be7 21. h4
Nf7 22. Nf4 Ncd8 23. Qc2 c6 24. a4 Qa6 25. Bc3 b6 26. g3 Qb7 27. Kg2 Qb8 28.
Qb2 Nh6 29. b4 axb4 30. Bxb4 Bxb4 31. Qxb4 g5 32. hxg5 fxg5 33. Nh5 Qc7 34. Rd3
Qf7 35. Rh1 Qg6 36. Ne5 Qg8 37. Qxb6 Ndf7 38. Nf6 Qg7 39. Nxf7+ 1-0

[Event "Bundesliga 9798"]
[Site "Deutschland"]
[Date "1997.??.??"]
[Round "?.8"]
[White "Kummerow, Heiko"]
[Black "Deev, Andrei"]
[Result "1-0"]
[WhiteElo "2300"]
[BlackElo "2400"]
[PlyCount "81"]
[EventDate "1997.10.??"]
[EventType "team"]
[EventRounds "15"]
[EventCountry "GER"]
[SourceTitle "Bundesliga 9798"]
[Source "DeepChess"]
[SourceDate "2005.01.01"]
[SourceVersion "1"]
[SourceVersionDate "2005.01.01"]
[SourceQuality "1"]
[WhiteTeam "SC Anderssen St.Ingbert 1920 e.V."]
[BlackTeam "SV Empor Berlin e.V."]
[WhiteTeamCountry "GER"]
[BlackTeamCountry "GER"]

1. e4 c5 2. Nf3 Nc6 3. d4 cxd4 4. Nxd4 Nf6 5. Nc3 e5 6. Ndb5 d6 7. Bg5 a6 8.
Na3 b5 9. Bxf6 gxf6 10. Nd5 Bg7 11. c3 Ne7 12. Nxe7 Qxe7 13. Nc2 O-O 14. Ne3 f5
15. exf5 Bb7 16. Nd5 Qg5 17. h4 Qd8 18. Qd2 Bxd5 19. Qxd5 e4 20. Rh3 Re8 21.
Rd1 Be5 22. g4 Bf4 23. Rd4 Ra7 24. Bg2 Rc7 25. Kf1 b4 26. Rxb4 Rc5 27. Qd4 h5
28. gxh5 Rce5 29. Qd1 Kh7 30. Qg4 Bh6 31. Rb7 Qf6 32. Qg6+ Qxg6 33. hxg6+ Kh8
34. Rxf7 R8e7 35. Rxe7 Rxe7 36. c4 Kg7 37. Ra3 Kf6 38. Rxa6 Bf4 39. c5 Kxf5 40.
cxd6 Rd7 41. Bh3+ 1-0

[Event "Bundesliga 9798"]
[Site "Deutschland"]
[Date "1997.??.??"]
[Round "?.2"]
[White "Casper, Thomas"]
[Black "Giorgadze, Giorgi"]
[Result "1/2-1/2"]
[WhiteElo "2415"]
[BlackElo "2625"]
[PlyCount "64"]
[EventDate "1997.10.??"]
[EventType "team"]
[EventRounds "15"]
[EventCountry "GER"]
[SourceTitle "Bundesliga 9798"]
[Source "DeepChess"]
[SourceDate "2005.01.01"]
[SourceVersion "1"]
[SourceVersionDate "2005.01.01"]
[SourceQuality "1"]
[WhiteTeam "SV Erfurt West 90"]
[BlackTeam "SC Anderssen St.Ingbert 1920 e.V."]
[WhiteTeamCountry "GER"]
[BlackTeamCountry "GER"]

1. e4 e5 2. Bc4 Nc6 3. d3 Nf6 4. h3 Na5 5. Bb3 Nxb3 6. axb3 d5 7. Qf3 Be7 8.
Ne2 O-O 9. O-O Be6 10. Ng3 Qd7 11. Nc3 d4 12. Nb1 Ne8 13. Qh5 Qc6 14. Qd1 Bh4
15. Nd2 Bg5 16. Ne2 Bxd2 17. Bxd2 f5 18. exf5 Bd5 19. f3 Nd6 20. Bb4 Rxf5 21.
Qd2 Rf6 22. Ng3 Rg6 23. Kh2 b6 24. Rae1 Re8 25. Bxd6 cxd6 26. f4 Rf6 27. fxe5
dxe5 28. Rxf6 Qxf6 29. Rf1 Qg6 30. Rf5 h6 31. Qe2 Qd6 32. Kg1 Qe6 1/2-1/2

[Event "Bundesliga 9798"]
[Site "Deutschland"]
[Date "1997.??.??"]
[Round "?.3"]
[White "Bauer, Christian"]
[Black "Kuczynski, Robert"]
[Result "1/2-1/2"]
[WhiteElo "2525"]
[BlackElo "2495"]
[PlyCount "123"]
[EventDate "1997.10.??"]
[EventType "team"]
[EventRounds "15"]
[EventCountry "GER"]
[SourceTitle "Bundesliga 9798"]
[Source "DeepChess"]
[SourceDate "2005.01.01"]
[SourceVersion "1"]
[SourceVersionDate "2005.01.01"]
[SourceQuality "1"]
[WhiteTeam "SC Anderssen St.Ingbert 1920 e.V."]
[BlackTeam "SV Erfurt West 90"]
[WhiteTeamCountry "GER"]
[BlackTeamCountry "GER"]

1. d4 d5 2. c4 c6 3. Nf3 Nf6 4. Nc3 e6 5. g3 Nbd7 6. Bg2 dxc4 7. O-O b5 8. a4
b4 9. Nb1 a5 10. Bg5 Ba6 11. Nbd2 h6 12. Bxf6 gxf6 13. Qc2 Nb6 14. Rfd1 Rc8 15.
e4 Qe7 16. Bf1 b3 17. Qc3 Qb4 18. Nxb3 Qxc3 19. bxc3 cxb3 20. Bxa6 Rb8 21. Rdb1
Nd7 22. Nd2 Bd6 23. Nxb3 Bc7 24. Nd2 Rxb1+ 25. Rxb1 Nb6 26. Ra1 Kd7 27. Kf1 Ra8
28. Bd3 Ke7 29. Ke2 Rb8 30. Bc2 Nc8 31. Kd3 Rb6 32. Nb3 Rb8 33. Rb1 Ra8 34. Nc5
Nb6 35. f4 h5 36. Bb3 Nd7 37. Nxd7 Kxd7 38. Ke3 h4 39. g4 Rb8 40. Ba2 Rxb1 41.
Bxb1 Bd6 42. h3 Ba3 43. Kd3 Bc1 44. f5 Kd6 45. Ba2 Bg5 46. Bc4 Bh6 47. Ba6 Bg5
48. Bb7 Bh6 49. Bc8 Bg5 50. c4 e5 51. c5+ Kc7 52. Ba6 Kd7 53. d5 Kc7 54. Kc4
Be3 55. Bb5 cxb5+ 56. Kxb5 Bf2 57. c6 Bg1 58. Kxa5 Bf2 59. Kb5 Be3 60. a5 Bf2
61. Kc4 Be1 62. Kb5 1/2-1/2

[Event "Bundesliga 9798"]
[Site "Deutschland"]
[Date "1997.??.??"]
[Round "?.4"]
[White "Mueller, Matthias"]
[Black "Kachiani Gersinska, Ketino"]
[Result "0-1"]
[WhiteElo "2400"]
[BlackElo "2415"]
[PlyCount "84"]
[EventDate "1997.10.??"]
[EventType "team"]
[EventRounds "15"]
[EventCountry "GER"]
[SourceTitle "Bundesliga 9798"]
[Source "DeepChess"]
[SourceDate "2005.01.01"]
[SourceVersion "1"]
[SourceVersionDate "2005.01.01"]
[SourceQuality "1"]
[WhiteTeam "SV Erfurt West 90"]
[BlackTeam "SC Anderssen St.Ingbert 1920 e.V."]
[WhiteTeamCountry "GER"]
[BlackTeamCountry "GER"]

1. e4 c6 2. d4 d5 3. Nc3 dxe4 4. Nxe4 Bf5 5. Ng3 Bg6 6. Nf3 Nf6 7. h4 h6 8. Ne5
Bh7 9. Bc4 e6 10. Qe2 Nd5 11. Bb3 a5 12. a4 Bb4+ 13. Kf1 Nd7 14. Nh5 Rg8 15.
Nxd7 Kxd7 16. Qf3 Be7 17. Qxf7 Qf8 18. Qxf8 Raxf8 19. Bd2 Bd6 20. Rh3 Bf5 21.
Rf3 Bg6 22. Rxf8 Rxf8 23. Nxg7 Bg3 24. Be1 Bxh4 25. g4 Bxc2 26. Bxd5 cxd5 27.
Nh5 Bd3+ 28. Kg1 Be2 29. Ng3 Bxg4 30. Bxa5 Rf4 31. Bc3 Bf6 32. f3 Rxf3 33. Kg2
Rd3 34. Nh1 Bxd4 35. Nf2 Bxf2 36. Kxf2 d4 37. Bb4 Rb3 38. Ba3 e5 39. Rg1 h5 40.
Rg3 Rxg3 41. Kxg3 Ke6 42. b4 Kd5 0-1

[Event "Bundesliga 9798"]
[Site "Deutschland"]
[Date "1997.??.??"]
[Round "?.5"]
[White "Werner, Dimo"]
[Black "Renner, Christoph"]
[Result "1-0"]
[WhiteElo "2420"]
[BlackElo "2415"]
[PlyCount "87"]
[EventDate "1997.10.??"]
[EventType "team"]
[EventRounds "15"]
[EventCountry "GER"]
[SourceTitle "Bundesliga 9798"]
[Source "DeepChess"]
[SourceDate "2005.01.01"]
[SourceVersion "1"]
[SourceVersionDate "2005.01.01"]
[SourceQuality "1"]
[WhiteTeam "SC Anderssen St.Ingbert 1920 e.V."]
[BlackTeam "SV Erfurt West 90"]
[WhiteTeamCountry "GER"]
[BlackTeamCountry "GER"]

1. Nf3 d6 2. g3 f5 3. Bg2 Nf6 4. O-O e5 5. c4 Be7 6. Nc3 O-O 7. d4 e4 8. Ne1 c6
9. d5 Nbd7 10. Nc2 cxd5 11. cxd5 Ne5 12. f3 Bd7 13. fxe4 fxe4 14. Nxe4 Rc8 15.
Nc3 Qb6+ 16. Qd4 Qa6 17. Kh1 Bd8 18. Bf4 Bb6 19. Qd1 Nfg4 20. Nb4 Qc4 21. Nd3
Qd4 22. Ne4 Bf5 23. Nxe5 dxe5 24. Qxd4 Bxd4 25. Bg5 Bxe4 26. Bxe4 Rxf1+ 27.
Rxf1 Nf2+ 28. Rxf2 Bxf2 29. d6 Rb8 30. Bd5+ Kh8 31. d7 Bb6 32. Be7 Bc7 33. Kg2
h6 34. Kf3 g6 35. Bf6+ Kh7 36. Ke4 Rf8 37. Bxe5 Bb6 38. Bd4 Bxd4 39. Kxd4 Rd8
40. Be6 Kg7 41. Ke5 Rf8 42. e4 Rd8 43. Kd6 Kf8 44. e5 1-0

[Event "Bundesliga 9798"]
[Site "Deutschland"]
[Date "1997.??.??"]
[Round "?.6"]
[White "Troyke, Christian"]
[Black "Ristic, Nenad"]
[Result "1/2-1/2"]
[WhiteElo "2400"]
[BlackElo "2420"]
[PlyCount "136"]
[EventDate "1997.10.??"]
[EventType "team"]
[EventRounds "15"]
[EventCountry "GER"]
[SourceTitle "Bundesliga 9798"]
[Source "DeepChess"]
[SourceDate "2005.01.01"]
[SourceVersion "1"]
[SourceVersionDate "2005.01.01"]
[SourceQuality "1"]
[WhiteTeam "SV Erfurt West 90"]
[BlackTeam "SC Anderssen St.Ingbert 1920 e.V."]
[WhiteTeamCountry "GER"]
[BlackTeamCountry "GER"]

1. g3 Nf6 2. Bg2 e5 3. c4 c6 4. d3 d5 5. cxd5 cxd5 6. Nf3 Nc6 7. O-O Be7 8. Nc3
d4 9. Ne4 Nxe4 10. dxe4 O-O 11. Ne1 Be6 12. Nd3 f6 13. Bd2 Na5 14. Qa4 Nc4 15.
Bb4 Bxb4 16. Qxb4 Qb6 17. b3 Nd6 18. f4 Qxb4 19. Nxb4 Rfe8 20. fxe5 fxe5 21.
Rac1 Rac8 22. Nd3 Bd7 23. Rxc8 Bxc8 24. Rc1 b6 25. Bf3 Ba6 26. Nb4 Bb7 27. Nd5
Bxd5 28. exd5 Rc8 29. Rf1 g6 30. Bg4 Rd8 31. Be6+ Kg7 32. Rc1 Nb5 33. Rc6 Kh6
34. Kf1 Rd6 35. Rc8 Nc3 36. Rc7 a5 37. Rb7 e4 38. Bg8 Kg5 39. Rxh7 e3 40. Be6
Nxd5 41. Bxd5 Rxd5 42. Ke1 a4 43. Kd1 axb3 44. axb3 Ra5 45. Rd7 Ra1+ 46. Kc2
Ra2+ 47. Kd3 Rd2+ 48. Ke4 Rxe2 49. Rxd4 Rb2 50. Kxe3 Rxb3+ 51. Ke4 Rb2 52. h4+
Kg4 53. Rd6 Rb4+ 54. Kd3 Kh5 55. Rd5+ Kh6 56. Rg5 Ra4 57. Kc3 Ra8 58. Kb3 Rf8
59. Kb4 Rf1 60. Kb3 Rc1 61. Kb2 Rc6 62. Kb3 Rc8 63. Kb2 Rd8 64. Kb3 Rf8 65. Kb4
Re8 66. Kb5 Re6 67. Ka6 Rf6 68. Kb5 Re6 1/2-1/2

[Event "Bundesliga 9798"]
[Site "Deutschland"]
[Date "1997.??.??"]
[Round "?.7"]
[White "Becker, Marc"]
[Black "Fuhrmann, Daniel"]
[Result "1/2-1/2"]
[WhiteElo "2430"]
[BlackElo "2295"]
[PlyCount "35"]
[EventDate "1997.10.??"]
[EventType "team"]
[EventRounds "15"]
[EventCountry "GER"]
[SourceTitle "Bundesliga 9798"]
[Source "DeepChess"]
[SourceDate "2005.01.01"]
[SourceVersion "1"]
[SourceVersionDate "2005.01.01"]
[SourceQuality "1"]
[WhiteTeam "SC Anderssen St.Ingbert 1920 e.V."]
[BlackTeam "SV Erfurt West 90"]
[WhiteTeamCountry "GER"]
[BlackTeamCountry "GER"]

1. c4 e5 2. g3 Nc6 3. Bg2 g6 4. Nc3 Bg7 5. Rb1 Nf6 6. d3 O-O 7. Nf3 d6 8. O-O
h6 9. b4 Be6 10. b5 Ne7 11. Bd2 Qd7 12. c5 Nfd5 13. Na4 f5 14. e4 Nf6 15. Qc2
g5 16. Rfc1 Ne8 17. c6 bxc6 18. bxc6 1/2-1/2

[Event "Bundesliga 9798"]
[Site "Deutschland"]
[Date "1997.??.??"]
[Round "?.8"]
[White "Voekler, Bernd"]
[Black "Kummerow, Heiko"]
[Result "1/2-1/2"]
[WhiteElo "2395"]
[BlackElo "2300"]
[PlyCount "44"]
[EventDate "1997.10.??"]
[EventType "team"]
[EventRounds "15"]
[EventCountry "GER"]
[SourceTitle "Bundesliga 9798"]
[Source "DeepChess"]
[SourceDate "2005.01.01"]
[SourceVersion "1"]
[SourceVersionDate "2005.01.01"]
[SourceQuality "1"]
[WhiteTeam "SV Erfurt West 90"]
[BlackTeam "SC Anderssen St.Ingbert 1920 e.V."]
[WhiteTeamCountry "GER"]
[BlackTeamCountry "GER"]

1. e4 e6 2. d4 d5 3. Nc3 Bb4 4. e5 c5 5. a3 Bxc3+ 6. bxc3 Ne7 7. Qg4 Qc7 8.
Qxg7 Rg8 9. Qxh7 cxd4 10. Ne2 Nbc6 11. f4 Bd7 12. Qd3 dxc3 13. Rb1 O-O-O 14.
Nxc3 Na5 15. Nb5 Bxb5 16. Qxb5 Nf5 17. Qd3 Kb8 18. g3 Rc8 19. Rb2 Nc4 20. Rb3
Na5 21. Rb2 Nc4 22. Rb3 Na5 1/2-1/2

[Event "Bundesliga 9798"]
[Site "Deutschland"]
[Date "1998.??.??"]
[Round "?.1"]
[White "Kupreichik, Viktor D"]
[Black "Dautov, Rustem"]
[Result "0-1"]
[WhiteElo "2500"]
[BlackElo "2595"]
[PlyCount "84"]
[EventDate "1997.10.??"]
[EventType "team"]
[EventRounds "15"]
[EventCountry "GER"]
[SourceTitle "Bundesliga 9798"]
[Source "DeepChess"]
[SourceDate "2005.01.01"]
[SourceVersion "1"]
[SourceVersionDate "2005.01.01"]
[SourceQuality "1"]
[WhiteTeam "SVG Plettenberg"]
[BlackTeam "SC Anderssen St.Ingbert 1920 e.V."]
[WhiteTeamCountry "GER"]
[BlackTeamCountry "GER"]

1. e4 c6 2. Nc3 d5 3. d4 dxe4 4. Nxe4 Bf5 5. Nc5 b6 6. Nb3 e6 7. Nf3 Bd6 8. g3
h6 9. Bg2 Ne7 10. O-O Nd7 11. Qe2 Qc7 12. c4 Rc8 13. Be3 Qb8 14. Rac1 O-O 15.
c5 Bc7 16. Bd2 Rfd8 17. Rfe1 Qb7 18. cxb6 axb6 19. a3 Nd5 20. Ne5 Nxe5 21. dxe5
c5 22. g4 Bh7 23. f4 Qa7 24. Kh1 Qa4 25. Qf3 Ne7 26. Bf1 Bb8 27. Rc4 Qd7 28. a4
Nc6 29. Kg1 Qd5 30. Qc3 Nb4 31. Bg2 Qd7 32. a5 b5 33. Nxc5 Qxd2 34. Nb3 Ba7+
35. Kh1 Qxc3 36. Rxc3 Nd3 37. Rxc8 Rxc8 38. Ra1 Nf2+ 39. Kg1 Nxg4+ 40. Kh1 Nf2+
41. Kg1 Nd3+ 42. Kf1 Nxf4 0-1